4a. Semana de bibliotecología : cooperación bibliotecaria : estado actual y perspectivas.

Uloženo v:
Podrobná bibliografie
Korporativní autor: Universidad Autónoma de Guadalajara
Médium: Kniha
Jazyk:španělština
Témata:
Tagy: Přidat tag
Žádné tagy, Buďte první, kdo vytvoří štítek k tomuto záznamu!

MARC

LEADER 00000cam^a2200000uu^4500
001 000457842
005 20250521000000.0
008 050901s^^^^^^^^^^^^^^^^rd^r^^000^0^spa^d
009 20260310124054.82
035 |a FCE 000000285 
035 |a FCE 000286 
037 |a Acervo ITESO - Biblioteca 
041 |a spa 
082 0 4 |a 020.622  |b UNIm 
110 |a Universidad Autónoma de Guadalajara 
245 1 0 |a 4a. Semana de bibliotecología :  |b cooperación bibliotecaria : estado actual y perspectivas. 
264 |a Guadalajara,  |c UAG,  |c 1982. 
300 |a 189 p. 
336 |a texto  |b txt  |2 rdacontenido 
337 |a sin mediación  |b n  |2 rdamedio 
338 |a volumen  |b nc  |2 rdasoporte 
611 4 |a Informe de Conferencia 
649 |a XX 
650 |a Cooperación técnica 
650 |a Bibliotecología 
650 |a Automatización 
650 |a Bibliotecas 
910 |a Fondo Centro de Estudios Educativos 
920 |a Impresos - Libros 
930 |a Fondos Especiales 
905 |a 133 
901 |a ALE000286  |b IT2  |c CEE  |u 20250521 
902 |a https://opac.biblio.iteso.mx/vufind/Record/000457842